|
|
|
|
| LEADER |
00000nab a2200000 a 4500 |
| 001 |
vtls008835215 |
| 003 |
SK-MaSNL |
| 005 |
20260304234432.0 |
| 008 |
060731 2006 xo r r 000 0 slo |
| 038 |
|
|
|a KEVKJB
|
| 040 |
|
|
|a KEVKJB
|b slo
|c KEVKJB
|e AACR2
|
| 041 |
0 |
|
|a slo
|
| 044 |
|
|
|a xo
|c SK
|
| 080 |
|
|
|a 616.8-009.836
|2 2001
|
| 100 |
1 |
|
|a Božinovská, Andrea
|4 aut
|9 873401
|
| 245 |
1 |
0 |
|a Chrápanie a sťažené dýchanie farára spôsoboval jeho príliš dlhý jazyk
|b prvé spánkové laboratóruim na Slovensku bolo zriadené v Košiciach a nepretržite funguje už 12 rokov
|c Andrea Božinovská
|
| 300 |
|
|
|b Obr.
|
| 610 |
2 |
7 |
|a Univerzita Pavla Jozefa Šafárika v Košiciach.
|b Lekárska fakulta.
|b Spánkové laboratórium, 1
|2 kevkjb
|9 262081
|
| 610 |
2 |
7 |
|a Vysokošpecializovaný odborný ústav geriatrický sv. Lukáša (Košice, Slovensko)
|b Spánkové laboratórium
|2 kevkjb
|9 1571008
|
| 650 |
0 |
7 |
|a chrápanie
|2 kevkjb
|9 15341
|
| 650 |
0 |
7 |
|a poruchy spánku
|2 kevkjb
|9 23292
|
| 651 |
|
7 |
|a Košice (Slovensko)
|2 kevkjb
|9 18694
|
| 773 |
0 |
|
|t Košický večer
|g Roč. 17(38), č. 30 (28.7.2006), s. 7
|x 1336-5320
|
| 852 |
|
|
|a KEVKJB
|b KIS3GCP
|
| 958 |
|
|
|a ME
|
| 999 |
|
|
|c 3203921
|d 3205851
|